<?xml version="1.0" encoding="UTF-8"?><?xml-stylesheet type="text/xsl" href="static/style.xsl"?><OAI-PMH xmlns="http://www.openarchives.org/OAI/2.0/" xmlns:xsi="http://www.w3.org/2001/XMLSchema-instance" xsi:schemaLocation="http://www.openarchives.org/OAI/2.0/ http://www.openarchives.org/OAI/2.0/OAI-PMH.xsd"><responseDate>2026-04-28T01:57:43Z</responseDate><request verb="GetRecord" identifier="oai:uvadoc.uva.es:10324/77920" metadataPrefix="marc">https://uvadoc.uva.es/oai/request</request><GetRecord><record><header><identifier>oai:uvadoc.uva.es:10324/77920</identifier><datestamp>2025-09-18T19:02:14Z</datestamp><setSpec>com_10324_1153</setSpec><setSpec>com_10324_931</setSpec><setSpec>com_10324_894</setSpec><setSpec>col_10324_1938</setSpec></header><metadata><record xmlns="http://www.loc.gov/MARC21/slim" xmlns:doc="http://www.lyncode.com/xoai" xmlns:xsi="http://www.w3.org/2001/XMLSchema-instance" xmlns:dcterms="http://purl.org/dc/terms/" xsi:schemaLocation="http://www.loc.gov/MARC21/slim http://www.loc.gov/standards/marcxml/schema/MARC21slim.xsd">
<leader>00925njm 22002777a 4500</leader>
<datafield tag="042" ind1=" " ind2=" ">
<subfield code="a">dc</subfield>
</datafield>
<datafield tag="720" ind1=" " ind2=" ">
<subfield code="a">Muñoz Acebes, Francisco Javier</subfield>
<subfield code="e">author</subfield>
</datafield>
<datafield tag="720" ind1=" " ind2=" ">
<subfield code="a">Robles Delgado, Alberto</subfield>
<subfield code="e">author</subfield>
</datafield>
<datafield tag="260" ind1=" " ind2=" ">
<subfield code="c">2025</subfield>
</datafield>
<datafield tag="520" ind1=" " ind2=" ">
<subfield code="a">El objetivo de este trabajo no es demostrar una hipótesis concreta sino estudiar cuales han sido las formas de representación de la cultura vikinga en su recepción por los medios audiovisuales, entendiendo dichas producciones como elementos ficcionales y no como reflejos verídicos de la historia. Para ello se ha realizado el análisis exhaustivo de un corpus de películas y series, que recoge una cronografía completa y abarca producciones de diferentes nacionalidades, a fin de obtener una imagen lo mas completa y variada posible.</subfield>
</datafield>
<datafield tag="024" ind2=" " ind1="8">
<subfield code="a">https://uvadoc.uva.es/handle/10324/77920</subfield>
</datafield>
<datafield tag="245" ind1="0" ind2="0">
<subfield code="a">Representación de la cultura vikinga en el audiovisual</subfield>
</datafield>
</record></metadata></record></GetRecord></OAI-PMH>